000 01889nam a2200289 a 4500
001 000022619
003 OSt
005 20201217091210.0
007 ta
008 101014s1991 dr c 000 0 spa d
040 _aDO-SdBNP
_bspa
_cBNPHU
082 _a610.92
_bB523L
100 1 _aLebrón Anico, Rosa de
_946551
245 1 0 _aVocación y entrega :
_bDoctora Consuelo Bernardino, historia de la primera ginecóloga y catedrática dominicana /
_cRosa Lebrón de Anico.
260 _aSanto Domingo :
_bCorripio,
_c1991.
300 _a169 p. ;
_cil., retrs.
_c23 cm.
500 _aIncluye datos biográficos de la autora en la solapa de la cubierta.
505 0 _aPrefacio --
_tPórtico --
_tNacimiento de Consuelo Bernardino --
_tSurge la vocación --
_tEstudios en la Universidad de Santo Domingo --
_tEspecialización en el extranjero --
_tEspecialización sobre el control de la natalidad (planificación familiar) --
_tEntrega: consultorio y policlínica en Santo Domingo --
_tNombramiento en el hospital Padre Billini --
_tCatedrática en la Universidad de Santo Domingo --
_tRecuento de cinco años de labor profesional --
_tSalida del hospital Padre Billini --
_tOcaso de una vida --
_tSepelio --
_tSu lucha --
_tDonaciones a la Universidad de Santo Domingo --
_tPremio Doctora Consuelo Bernardino --
_tHospital Estatal del Seybo --
_tDesaparece nombre Doctora Bernardino del panorama nacional --
_tOpiniones de notables médicos --
_tCalle de Santo Domingo: Doctora Consuelo Bernardino --
_tEpílogo.
590 _aInventariado,2018/DG
600 1 4 _aBERNARDINO EVANGELISTA, CONSUELO,
_d1913-1945
_946552
650 4 _aMujeres como médicos
_918797
650 4 _aMujeres en la medicina
_zRepública Dominicana
_946553
650 4 _aGinecólogos
_zRepública Dominicana
_946554
651 4 _aRepública Dominicana
_vBIOGRAFÍAS
_91083
910 _aValidado. Control de calidad EMS
942 _2ddc
_cLF1
999 _c22116
_d22116